书目信息 |
| 题名: |
碑别字新编
|
|
| 作者: | 秦公 辑 | |
| 分册: | ||
| 出版信息: | 北京 文物出版社 1985 |
|
| 页数: | 482页 | |
| 开本: | 19cm | |
| 丛书名: | ||
| 单 册: | ||
| 中图分类: | H023 | |
| 科图分类: | ||
| 主题词: | 正字法 | |
| 电子资源: | ||
| ISBN: | ||
| 000 | 00574nam0 2200229 45 | |
| 001 | 0185012667 | |
| 005 | 20050420142326.5 | |
| 010 | @dCNY2.50 | |
| 100 | @a19951030e1985 em y0chiy0121 ea | |
| 101 | 0 | @achi |
| 102 | @aCN@b110000 | |
| 105 | @ay z 000yy | |
| 200 | 10 | @a碑别字新编@Abei bie zi xin bian@f秦公辑@FQin Gong Ji |
| 205 | @a影印本 | |
| 210 | @a北京@c文物出版社@d1985 | |
| 215 | @a482页@d19cm | |
| 606 | 0 | @a正字法 |
| 690 | @aH023@v3 | |
| 701 | 0 | @a秦公@4辑 |
| 801 | 0 | @aCN@b深圳图书馆@c20040424 |
| 801 | 2 | @aCN@bNLC@c20040424 |
| 905 | @dH023@e14@b158199@f1 | |
| 碑别字新编/秦公辑.-影印本.-北京:文物出版社,1985 |
| 482页;19cm |
| ISBN :CNY2.50 |
| ● |
| 相关链接 |
|
|
|
|
正题名:碑别字新编
索取号:H023/14
 
预约/预借
| 序号 | 登录号 | 条形码 | 馆藏地/架位号 | 状态 | 备注 |
| 1 | 0158199 | 002025640 | 密集书库/ [索取号:H023/14] | 在馆 | |
| 2 | 0158200 | 000819528 | 第四借阅区/ [索取号:H023/14] | 在馆 | |
| 3 | 0158201 | 202075761 | 第二样本阅览室/ [索取号:H023/14] | 在馆 |